| 000 | 00891nam a22002777a 4500 | ||
|---|---|---|---|
| 003 | CHAP | ||
| 005 | 20220329134514.0 | ||
| 008 | 971013s r 00010 d | ||
| 010 | _a21322 | ||
| 011 | _a22294 | ||
| 035 | _a26388 | ||
| 040 | _cCHAP | ||
| 090 | _aR-1625 | ||
| 100 | 0 | 0 |
_aDriggers, Byrley F. _934237 |
| 245 | _aNotes on the life history and habits of the blueberry stem borer, Oberea myops hald, on cultivated bluberries | ||
| 500 | _aSobretiro de : J. of the New York Entomological Soc. 37:67-74, 1929 | ||
| 590 |
_aBATCH-UPD _b10 _c20130110 _lUCH01 _h2055 |
||
| 590 |
_aBATCH-UPD _b10 _c20130410 _lUCH01 _h1408 |
||
| 590 |
_aBATCH-UPD _b10 _c20130914 _lUCH01 _h0357 |
||
| 590 |
_aCONVERSION _b10 _c20130109 _lUCH01 _h1313 |
||
| 650 | 1 | 4 |
_aArĂ¡ndano _xPlagas. _97295 |
| 650 | 1 | 4 |
_aOberea. _982498 |
| 901 | _aBK | ||
| 942 | _cREIMP | ||
| 949 |
_bBC _cR _d-60871 _eTS1 _i26388 _mD _si |
||
| 999 |
_c21322 _d21322 |
||